000 00299nam a22001337a 4500
003 SGT
020 _a9354511384
082 _a543.19
_bRAY
100 _aRAYAJI ASHWINI
245 _aADVANCED INSTRUMENTATION TECHNIQUES
260 _aINDIA
_bNIRALI PUB
_c2022
300 _a5.10
942 _2ddc
_cBK
999 _c34475
_d34475